000 00535nam a2200169 a 4500
005 20140412111259.0
008 010418s19uu xx 00 eng d
020 _a971-121-124-6
050 _aFil 536
_bBIG 1982
100 _aBigornia, Mike L.
245 _aMunting ningas-apoy :
_bmga pakinabang sa apoy /
_cMike L. Bigornia; illustrated by Renato Gamos.
260 _aPhilippines :
_bAklat Adarna,
_c1982.
300 _a1v. (unp.) ; ill.
440 _aAklat ng Karunungan
650 _aFire stories, Philippines
999 _c103291
_d103291